|
|
|
|
| LEADER |
00000naa2a2200000 4500 |
| 001 |
622927 |
| 005 |
20231101133233.0 |
| 035 |
|
|
|a (RuTPU)RU\TPU\conf\21743
|
| 035 |
|
|
|a RU\TPU\conf\21742
|
| 090 |
|
|
|a 622927
|
| 100 |
|
|
|a 20170714d2017 k y0rusy50 ca
|
| 101 |
0 |
|
|a rus
|
| 102 |
|
|
|a RU
|
| 105 |
|
|
|a y z 101zy
|
| 135 |
|
|
|a drgn ---uucaa
|
| 181 |
|
0 |
|a i
|
| 182 |
|
0 |
|a b
|
| 200 |
1 |
|
|a Моделирование процесса получения высокооктановых алкилатов
|f Е. С. Бурыхина
|g науч. рук. Е. Н. Ивашкина
|
| 203 |
|
|
|a Текст
|c электронный
|
| 225 |
1 |
|
|a Технология и моделирование процессов подготовки и переработки углеводородного сырья
|
| 230 |
|
|
|a 1 компьютерный файл (pdf; 551 Kb)
|
| 300 |
|
|
|a Заглавие с экрана
|
| 320 |
|
|
|a [Библиогр.: с. 285 (3 назв.)]
|
| 463 |
|
0 |
|0 (RuTPU)RU\TPU\conf\21448
|t Химия и химическая технология в XXI веке
|o материалы XVIII Международной научно-практической конференции студентов и молодых ученых имени профессора Л.П. Кулёва, 29 мая-1 июня 2017 г., г. Томск
|f Национальный исследовательский Томский политехнический университет (ТПУ) ; Институт природных ресурсов (ИПР) ; Институт физики высоких технологий (ИФВТ) ; Физико-технический институт (ФТИ)
|v [С. 284-285]
|d 2017
|
| 610 |
1 |
|
|a труды учёных ТПУ
|
| 610 |
1 |
|
|a электронный ресурс
|
| 610 |
1 |
|
|a нефтепродукты
|
| 610 |
1 |
|
|a моторные топлива
|
| 610 |
1 |
|
|a высокооктановые добавки
|
| 610 |
1 |
|
|a карбюраторные двигатели
|
| 610 |
1 |
|
|a изобутан
|
| 700 |
|
1 |
|a Бурыхина
|b Е. С.
|
| 702 |
|
1 |
|a Ивашкина
|b Е. Н.
|c химик-технолог
|c доцент Томского политехнического университета, кандидат технических наук
|f 1983-
|g Елена Николаевна
|2 stltpush
|4 727
|
| 712 |
0 |
2 |
|a Национальный исследовательский Томский политехнический университет (ТПУ)
|b Институт природных ресурсов (ИПР)
|b Кафедра химической технологии топлива и химической кибернетики (ХТТ)
|h 105
|2 stltpush
|3 (RuTPU)RU\TPU\col\18665
|
| 801 |
|
2 |
|a RU
|b 63413507
|c 20170726
|g RCR
|
| 856 |
4 |
|
|u http://earchive.tpu.ru/handle/11683/41550
|
| 942 |
|
|
|c BK
|